[Event "Krapina op 12th"]
[Site "Krapina"]
[Date "2024.01.19"]
[Round "1"]
[White "Mrdja, Milan"]
[Black "Zajec, Jan"]
[Result "1-0"]
[WhiteElo "2137"]
[BlackElo "1601"]
[PlyCount "47"]
[EventDate "2024.01.19"]
[EventType "swiss"]
[EventRounds "7"]
[EventCountry "CRO"]
[SourceTitle "CB06_2024"]
[SourceDate "2024.02.07"]
[SourceVersion "1"]
[SourceVersionDate "2024.02.07"]
[SourceQuality "1"]

1. e4 e5 2. Nf3 Nc6 3. Bb5 Nf6 4. Qe2 Bd6 5. c3 0-0 6. 0-0 Re8 7. d3 a6 8. Ba4 b5 9. Bb3 Na5 10. Bc2 Bb7 11. Bg5 h6 12. Bh4 c5 13. Nbd2 Bc7 14. Rfe1 d5 15. a3 d4 16. cxd4 cxd4 17. Rac1 Qd6 18. h3 Nh5 19. Qd1 Re6 20. Nf1 Nf4 21. Bg3 Ng6 22. Bh2 Qe7 23. Ng3 Rc6 24. b4 1-0

[Event "Varazdin Spancir op 1st"]
[Site "Varazdin"]
[Date "2023.08.27"]
[Round "7"]
[White "Supancic, Fran"]
[Black "Zajec, Jan"]
[Result "1/2-1/2"]
[WhiteElo "1336"]
[BlackElo "1407"]
[PlyCount "47"]
[EventDate "2023.08.24"]
[EventType "swiss"]
[EventRounds "7"]
[EventCountry "CRO"]
[SourceTitle "EXT 2024"]
[Source "ChessBase"]
[SourceDate "2023.10.10"]
[SourceVersion "1"]
[SourceVersionDate "2023.10.10"]
[SourceQuality "1"]

1. d4 Nf6 2. c4 e6 3. Nf3 b6 4. Bg5 Bb7 5. e3 d5 6. Nc3 Be7 7. cxd5 exd5 8. Bd3 0-0 9. 0-0 Ne4 10. Bxe7 Qxe7 11. Qc2 Nd7 12. Rfe1 Ndf6 13. Nd2 Nxd2 14. Qxd2 c5 15. b3 Rac8 16. Bf5 Rcd8 17. Rac1 g6 18. Bd3 Ne4 19. Qd1 Rfe8 20. Bb5 Rf8 21. Bf1 Qf6 22. f3 cxd4 23. Qxd4 Qxd4 24. exd4 1/2-1/2

[Event "Varazdin Spancir op 1st"]
[Site "Varazdin"]
[Date "2023.08.27"]
[Round "6"]
[White "Zajec, Jan"]
[Black "Kovacek, Pavlo"]
[Result "0-1"]
[WhiteElo "1407"]
[BlackElo "1798"]
[PlyCount "46"]
[EventDate "2023.08.24"]
[EventType "swiss"]
[EventRounds "7"]
[EventCountry "CRO"]
[SourceTitle "EXT 2024"]
[Source "ChessBase"]
[SourceDate "2023.10.10"]
[SourceVersion "1"]
[SourceVersionDate "2023.10.10"]
[SourceQuality "1"]

1. c4 f5 2. Nc3 Nf6 3. d4 e6 4. g3 Be7 5. Bg2 0-0 6. Nf3 d5 7. 0-0 c6 8. Ne5 Nbd7 9. Nxd7 Bxd7 10. Qb3 b6 11. f3 Kh8 12. e4 fxe4 13. fxe4 Rc8 14. exd5 exd5 15. cxd5 cxd5 16. Nxd5 Be6 17. Rxf6 Bxf6 18. Be3 Qd6 19. Bf4 Bxd4+ 20. Kh1 Be5 21. Qd3 Bxd5 22. Bxd5 Bxf4 23. gxf4 Rcd8 0-1